000 00622nam a2200241 i 4500
001 C2-0104908
003 PPAK
005 20180727101259.0
008 970610s1994 nyu |||| ||||| | eng d
020 _a0027184250
040 _aPPAK
_beng
_cPPAK
_erda
082 0 4 _a823
_223
090 0 0 _a823
_bCHR
_dK
100 1 _aChristopher, John,
_eauthor
245 1 2 _aA dusk of demons
264 1 _aNew York :
_bMacmillan ,
_c1994
300 _a175 pages ;
_c21 cm
336 _2rdacontent
_atext
337 _2rdamedia
_aunmediated
338 _2rdacarrier
_avolume
650 1 0 _aScience fiction, English
942 _ddc
_cB
999 _c25200
_d25200